000 00888nam a22002897a 4500
003 CHAP
005 20220329134232.0
008 971013s1978 r 00010 d
010 _a17399
011 _a18371
035 _a22456
040 _cCHAP
090 _aFolleto 6779
100 0 0 _aHunt, Roderick.
_956927
245 _aPlant growth analysis
260 _aLondon :
_bArnold,
_c1978
300 _a67 p.
_b: gráfs.
490 _aInstitute of Biology's. Studies in biology
_v; 96
590 _aBATCH-UPD
_b10
_c20130110
_lUCH01
_h1640
590 _aCONVERSION
_b10
_c20130109
_lUCH01
_h1311
650 1 4 _aPlantas
_xCrecimiento
_xAditivos.
_988804
830 0 _aInstitute of Biology's. Studies in biology
_v; 96
_959025
901 _aBK
942 _cFOLL
949 _aFolleto 6779
_bBC
_cFOLL
_d-52688
_eTS1
_i22456
_si
949 _aFolleto 6779
_bBC
_cFOLL
_d-52689
_eTS2
_fc.2
_i22456
_si
999 _c17399
_d17399